Cambios propuesta a la educación media

Furkejuvvon:
Bibliográfalaš dieđut
Váldodahkkit: Magendzo K., Abraham (autor), Delpiano, Adriana (Dahkki)
Materiálatiipa: Girji
Giella:espánnjágiella
Almmustuhtton: Santiago PIIE 1982
Fáttát:
Fáddágilkorat: Lasit fáddágilkoriid
Eai fáddágilkorat, Lasit vuosttaš fáddágilkora!

MARC

LEADER 00000nam a2200000 a 4500
001 UCY9040
003 CL-VaPUC
008 950707e19820100CL |||||||||||||||||spa|d
082 0 4 |a 373.19  |b MAG  |2 21 
100 |a Magendzo K., Abraham  |e autor  |9 616737 
700 0 |a Delpiano, Adriana  |e author  |9 341027 
245 1 0 |a Cambios propuesta a la educación media 
300 |a 41 p 
942 |c BK 
945 |d 19950707 00:00:00  |a lriquelm 
260 |a Santiago  |b PIIE  |c 1982 
650 7 |a DESARROLLO DE LOS CURRICULOS  |2 CL-VaPUC  |9 338829 
650 7 |a PLANES EDUCACIONALES  |2 CL-VaPUC  |9 340232 
650 0 |a Programas de educación  |9 339040 
650 7 |a EVOLUCION DE LA MATRICULA  |2 CL-VaPUC  |9 341028 
650 7 |a METAS DE LA EDUCACION  |2 CL-VaPUC  |9 309160 
583 |a last modification  |c 19950707 00:00:00  |k Rodrigo Vera 
999 |c 236213  |d 236211 
952 |0 0  |1 0  |4 0  |6 373_190000000000000_MAG_1982  |7 0  |8 P  |9 244164  |a BIBEDU  |b BIBEDU  |c BIBEDU_PB  |d 2019-11-18  |i 1527827  |o 373.19 MAG 1982  |p 1527827  |r 2024-01-25  |w 2019-11-18  |y BK  |k EDU